000 00656nam a2200205Ia 4500
003 GCL
008 140319s9999 xx 000 0 ara d
040 _aGCL /
_cGCL
082 0 4 _a193
_bم ف
100 1 _aمحمد عبدالمعز نصر
245 1 0 _aفلسفة السياسة عند الالمان دراسة فى الفكر الالمانى الحديث /
_cمحمد عبدالمعز نصر
300 _a174 ص
490 _a
650 0 4 _aالمانيا
650 0 4 _aالاحوال السياسية
650 0 4 _aالفلسفة الغربية
650 0 4 _aالنازية
650 0 4 _aالفلسفة الالمانية
942 _2ddc
_cBK
999 _c37610
_d37610